[Event "35th Asia-ch U20"]
[Site "Sharjah UAE"]
[Date "2013.04.06"]
[Round "6.13"]
[White "Vo, Thi Kim Phung"]
[Black "Hakimifard, Ghazal"]
[Result "1-0"]
[WhiteElo "2193"]
[BlackElo "2250"]

1.d4 Nf6 2.Nf3 e6 3.Bg5 c5 4.e3 Be7 5.c3 b6 6.Nbd2 Bb7 7.Bd3 O-O 8.O-O d6 
9.a4 cxd4 10.exd4 Nbd7 11.Re1 h6 12.Bh4 Nd5 13.Bg3 a6 14.Nc4 N7f6 15.Ne3 
Nh5 16.Nxd5 Bxd5 17.Nd2 Nxg3 18.hxg3 Qd7 19.Nf1 Bc6 20.Ne3 Rfe8 21.Qb3 Qb7
22.Bc4 b5 23.axb5 axb5 24.Be2 Bg5 25.f4 Bf6 26.Bf1 Rab8 27.Ng4 Be7 28.Qd1 
Bd5 29.Ne3 Be4 30.Bd3 Bxd3 31.Qxd3 d5 32.b4 Ra8 33.Kf2 Ra4 34.Rxa4 bxa4 
35.Ra1 Ra8 36.Ra3 Qc6 37.Nd1 f6 38.Ne3 Bd6 39.Qg6 Re8 40.f5 Qd7 41.Qg4 
exf5 42.Nxf5 Kf8 43.Rxa4 g5 44.Ra1 h5 45.Qh3 Bc7 46.Kg1 Bd8 47.Rf1 Qh7 48.
g4 h4 49.Qf3 Qd7 50.g3 hxg3 51.Nxg3 Kg8 52.Kg2 Qe6 53.Qf5 Qf7 54.Rf2 Re3 
55.Rf3 Re1 56.b5 Kh8 57.Kf2 Qe8 58.Qc8 Kh7 59.Qc6 Qxc6 60.bxc6 Re6 61.Rf5 
Rxc6 62.Rxd5 Bb6 63.Ne4 Bc7 64.Ke2 Kg6 65.Rf5 Ra6 66.Kd3 Bd8 67.Rd5 Bc7 
68.Rc5 Bf4 69.Rf5 Bc7 70.d5 Bf4 71.d6 Kf7 72.Rxf6+ Ke8 73.Kd4 Ra1 74.Kd5 
Re1 75.c4 Rd1+ 76.Kc6 Rd4 77.Re6+ Kd8 78.c5 1-0

[Event "35th Asia-ch U20"]
[Site "Sharjah UAE"]
[Date "2013.04.06"]
[Round "6.15"]
[White "Kurbonboeva, Sarvinoz"]
[Black "Hoang, Thi Nhu Y"]
[Result "1/2-1/2"]
[WhiteElo "2098"]
[BlackElo "2250"]

1.d4 Nf6 2.c4 e6 3.Nf3 b6 4.g3 Bb7 5.Bg2 Be7 6.O-O O-O 7.Re1 Qc8 8.Nc3 Ne4
9.Bd2 f5 10.Rc1 d6 11.Nxe4 Bxe4 12.Bg5 Qd8 13.Qd2 Nd7 14.Bxe7 Qxe7 15.Ng5 
Bxg2 16.Kxg2 h6 17.Nf3 Qf7 18.Qd3 f4 19.e4 Rad8 20.Rc3 a5 21.Qd2 e5 22.
dxe5 Nxe5 23.Qd5 fxg3 24.hxg3 Ng4 25.Re2 Rde8 26.Nd4 Nf6 27.Qxf7+ Rxf7 28.
f3 g5 29.Rce3 Nd7 30.Nc6 Ne5 31.Nxe5 Rxe5 32.Rd3 Kg7 33.Rd5 Rfe7 34.g4 
1/2-1/2

[Event "35th Asia-ch U20"]
[Site "Sharjah UAE"]
[Date "2013.04.06"]
[Round "6.16"]
[White "Yagi, Rita"]
[Black "Saranya, J"]
[Result "0-1"]
[WhiteElo "1767"]
[BlackElo "2152"]

1.e4 c5 2.Nf3 d6 3.d4 cxd4 4.Nxd4 Nf6 5.Nc3 a6 6.Bg5 Nc6 7.f4 Bd7 8.Be2 e6
9.Bf3 Be7 10.Qd2 Qc7 11.Nxc6 Bxc6 12.O-O O-O-O 13.Kh1 h6 14.Bxf6 Bxf6 15.
Rab1 Kb8 16.b4 Rc8 17.Rfc1 g5 18.Rd1 gxf4 19.Ne2 Be5 20.c4 f5 21.b5 axb5 
22.cxb5 Bxe4 23.Bxe4 fxe4 24.Nxf4 Bxf4 25.Qxf4 d5 26.Qf6 Qd6 27.a4 Rhf8 
28.Qd4 Qf4 29.Qb6 e3 30.Qxe6 Rce8 31.Qxd5 e2 32.Rg1 e1=Q 33.Rbxe1 Rxe1 34.
h3 Rxg1+ 35.Kxg1 Qc1+ 36.Kh2 Qc7+ 37.Kg1 Rd8 0-1

[Event "35th Asia-ch U20"]
[Site "Sharjah UAE"]
[Date "2013.04.06"]
[Round "6.18"]
[White "Derakhshani, Dorsa"]
[Black "Madhurima, Shekhar"]
[Result "0-1"]
[WhiteElo "2007"]
[BlackElo "1991"]

1.e4 e6 2.d4 d5 3.Nc3 Nf6 4.Bg5 Bb4 5.Ne2 dxe4 6.a3 Be7 7.Bxf6 Bxf6 8.Nxe4
O-O 9.g3 e5 10.d5 Be7 11.Bg2 Nd7 12.c4 a5 13.N2c3 Nc5 14.Nxc5 Bxc5 15.O-O 
f5 16.Qh5 Ra6 17.Rad1 Bd7 18.Rd2 Rg6 19.Qe2 Bd4 20.Qd3 f4 21.Be4 Rh6 22.
Ne2 Bc5 23.Qf3 Qg5 24.Rc2 Bg4 25.Qh1 Bxe2 0-1

[Event "35th Asia-ch U20"]
[Site "Sharjah UAE"]
[Date "2013.04.06"]
[Round "6.20"]
[White "Adhikari, Asmita"]
[Black "Shristi, J. Shetty"]
[Result "0-1"]
[WhiteElo "1700"]
[BlackElo "1913"]

1.e4 c5 2.Nf3 Nc6 3.d4 cxd4 4.Nxd4 Nf6 5.Nc3 e5 6.Ndb5 d6 7.Bg5 a6 8.Na3 
b5 9.Nd5 Be7 10.Nxe7 Nxe7 11.Bd3 Bb7 12.Qf3 Nd7 13.O-O Nc5 14.Rad1 O-O 15.
b4 Ne6 16.Bh4 f5 17.Bxe7 Qxe7 18.Qe2 Qg5 19.g3 Nd4 20.Qe3 f4 21.Qc1 Qg4 
22.c3 Nf3+ 23.Kg2 Nh4+ 24.Kh1 Qf3+ 0-1

[Event "35th Asia-ch U20"]
[Site "Sharjah UAE"]
[Date "2013.04.06"]
[Round "7.13"]
[White "Saranya, J"]
[Black "Vo, Thi Kim Phung"]
[Result "1-0"]
[WhiteElo "2152"]
[BlackElo "2193"]

1.e4 c5 2.Nf3 e6 3.d4 cxd4 4.Nxd4 a6 5.c4 Nf6 6.Nc3 Bb4 7.Bd3 Nc6 8.Ne2 
Qc7 9.O-O O-O 10.h3 Ne5 11.Bf4 d6 12.Rc1 Bd7 13.a3 Bc5 14.Kh1 Rac8 15.Ng3 
h6 16.Be2 Rfd8 17.Bd2 Bc6 18.f4 Ng6 19.b4 Bd4 20.b5 Bxc3 21.Bxc3 Nxe4 22.
Nxe4 Bxe4 23.Bxg7 f5 24.Bb2 Kh7 25.Bf3 Bxf3 26.Qxf3 Rg8 27.Rfe1 Rce8 28.g3
Qf7 29.c5 dxc5 30.Rxc5 axb5 31.Rxb5 Re7 32.Rb6 Rc8 33.a4 Rce8 34.Ba3 Rd7 
35.Reb1 e5 36.Rxb7 e4 37.Rxd7 Qxd7 38.Qe3 Ra8 39.g4 Rxa4 40.gxf5 Nh4 41.f6
Nf3 42.Kg2 Nh4+ 43.Kh1 Nf3 44.Kg2 Rd4 45.Bb4 Qd5 46.Bc3 Ra4 47.Re1 Ra2+ 
48.Re2 Qg8+ 49.Kf1 Ra4 50.Qc5 Qf7 51.Qf5+ Kh8 52.Qc8+ Kh7 53.Rg2 Nh2+ 54.
Rxh2 Rc4 55.Qf5+ Kh8 56.Rb2 Qf8 57.Rb7 1-0

[Event "35th Asia-ch U20"]
[Site "Sharjah UAE"]
[Date "2013.04.06"]
[Round "7.14"]
[White "Madhurima, Shekhar"]
[Black "Ivana Maria, Furtado"]
[Result "0-1"]
[WhiteElo "1991"]
[BlackElo "2065"]

1.e4 c5 2.Nc3 d6 3.f4 g6 4.Nf3 Bg7 5.d4 cxd4 6.Nxd4 Nc6 7.Nf3 Nf6 8.Bd3 
O-O 9.O-O Bg4 10.Qe1 Rc8 11.Qh4 Qa5 12.f5 Bxf3 13.Rxf3 Ne5 14.Rh3 Rxc3 15.
bxc3 Qxc3 16.Bb2 Qxb2 17.Qe1 Nxd3 18.cxd3 Nxe4 19.Rd1 Bd4+ 20.Kf1 Qf2+ 21.
Qxf2 Nxf2 22.Rh4 Nxd1 23.Rxd4 Ne3+ 24.Kf2 Nxf5 25.Rb4 b6 0-1

[Event "35th Asia-ch U20"]
[Site "Sharjah UAE"]
[Date "2013.04.06"]
[Round "7.15"]
[White "Pujari, Rucha"]
[Black "Hoang, Thi Nhu Y"]
[Result "0-1"]
[WhiteElo "2121"]
[BlackElo "2250"]

1.d4 d5 2.Nf3 Nf6 3.c4 c6 4.cxd5 cxd5 5.Nc3 Nc6 6.Bf4 a6 7.e3 Bf5 8.Bd3 
Bxd3 9.Qxd3 e6 10.O-O Bb4 11.Na4 O-O 12.a3 Bd6 13.Bxd6 Qxd6 14.Nc5 Rab8 
15.Rac1 Na5 16.Ne5 Rfc8 17.b4 Nc6 18.f4 Ne7 19.g4 Ne8 20.a4 Rc7 21.b5 f6 
22.b6 Rcc8 23.Ned7 Ra8 24.Nxb7 Qxd7 25.Nc5 Rxc5 26.Rxc5 Qxa4 27.Rb1 Rb8 
28.b7 g6 29.Rb6 Kf7 30.Rc1 a5 31.f5 exf5 32.gxf5 Qd7 33.e4 Rxb7 34.fxg6+ 
hxg6 35.Rxb7 Qxb7 36.e5 Nf5 37.Rb1 Qa7 38.Kg2 Qxd4 39.Rb7+ Ke6 40.Qxd4 
Nxd4 41.exf6 Nxf6 42.Ra7 Nc6 43.Ra8 d4 44.Kf3 Kd5 45.Ke2 Ng4 46.h4 Nge5 
47.Kd1 Kc4 48.Kc1 Kc3 49.h5 gxh5 50.Rh8 d3 51.Rxh5 d2+ 52.Kd1 Nd3 53.Rh3 
Nb4 54.Rg3 a4 55.Ke2 Kc2 56.Rg1 Nb2 0-1

[Event "35th Asia-ch U20"]
[Site "Sharjah UAE"]
[Date "2013.04.06"]
[Round "7.16"]
[White "Nguyen, Thi Mai Hung"]
[Black "Kurbonboeva, Sarvinoz"]
[Result "1-0"]
[WhiteElo "2271"]
[BlackElo "2098"]

1.d4 d5 2.Nf3 c6 3.c4 e6 4.e3 Nf6 5.Nbd2 Nbd7 6.b3 Bb4 7.Bb2 O-O 8.a3 Bd6 
9.Bd3 Re8 10.Ne5 Bf8 11.O-O g6 12.f4 Bg7 13.Rc1 Nf8 14.b4 N6d7 15.e4 f5 
16.Nxd7 dxe4 17.Ne5 exd3 18.Ndf3 Nd7 19.Qxd3 Nf6 20.Ng5 Re7 21.Rfd1 Bd7 
22.a4 Be8 23.Ba3 h6 24.Ngf3 Rc7 25.Qe3 a6 26.a5 Kh7 27.Bb2 Re7 28.Nd3 b6 
29.axb6 Qxb6 30.Bc3 Bf7 31.Nc5 Ng4 32.Qe2 Qc7 33.g3 Ree8 34.Ra1 Qc8 35.Ra5
Re7 36.Rda1 Nf6 37.Ne5 Be8 38.R1a3 Rea7 39.Qa2 g5 40.fxg5 hxg5 41.Bd2 g4 
42.Rxa6 Rxa6 43.Rxa6 Rxa6 44.Qxa6 Qxa6 45.Nxa6 Ne4 46.Bf4 Bxe5 47.dxe5 Bd7
48.Be3 Kg6 49.Kf1 Kf7 50.Nc7 Ke7 51.Na8 Nc3 52.Bg5+ Kf7 53.Nb6 Be8 54.Bd2 
Ne4 55.Be3 Nc3 56.Ke1 Ke7 57.Kd2 Ne4+ 58.Kd3 Kd8 59.Na4 Kc7 60.Kc2 Bd7 61.
Nb2 Kb7 62.Nd3 Be8 63.Ne1 Bd7 64.Kb3 Ka6 65.Nc2 Kb7 66.Ka4 Ka6 67.Nd4 c5+ 
68.b5+ Kb6 69.Nb3 Bc8 70.Ka3 Bb7 71.Nc1 Nc3 72.Nd3 Ne4 73.Kb3 Bc8 74.Nb2 
Bb7 75.Na4+ Kc7 76.Kc2 Bc8 77.Kd3 Bd7 78.Bxc5 Bc8 79.Be3 Bb7 80.Kc2 Bc8 
81.Kb3 Bb7 82.Kb4 Bc8 83.c5 Bd7 84.c6 Be8 85.Nb2 Kc8 86.Nc4 Kc7 87.Na5 1-0

[Event "35th Asia-ch U20"]
[Site "Sharjah UAE"]
[Date "2013.04.06"]
[Round "7.17"]
[White "Hakimifard, Ghazal"]
[Black "Assaubayeva, Diana"]
[Result "0-1"]
[WhiteElo "2250"]
[BlackElo "1966"]

1.e4 e6 2.d4 d5 3.Nd2 Nf6 4.e5 Nfd7 5.c3 c5 6.Bd3 Nc6 7.Ne2 cxd4 8.cxd4 f6
9.exf6 Qxf6 10.Nf3 h6 11.Bb1 Bd6 12.Qd3 O-O 13.Ng3 Bb4+ 14.Kf1 Rd8 15.Qh7+
Kf8 16.Nh5 Qf7 17.Bxh6 gxh6 18.Qxh6+ Ke7 19.Ng5 Bd2 20.Bg6 Qg8 21.f4 Qh8 
22.Bh7 Nf8 23.Ng7 Bxf4 24.Qh4 Qxg7 25.Ne4+ Bg5 26.Nxg5 Nxh7 27.Nxh7+ Kd7 
28.Rc1 Qg6 29.Kf2 Qf5+ 30.Ke3 Qe4+ 31.Qxe4 dxe4 32.g4 Ke7 33.g5 Nxd4 34.
Kxe4 Nf5 35.Rc7+ Kd6 36.Rf7 Bd7 37.Rd1+ Kc6 38.Ke5 Be8 39.Rc1+ Kb6 40.Rf6 
Ng7 41.h4 Rd5+ 42.Ke4 Rad8 43.g6 Rd4+ 44.Ke3 Nf5+ 45.Ke2 Bb5+ 46.Ke1 Re4+ 
47.Kf2 Rf4+ 48.Kg1 Rg4+ 49.Kf2 Rd2+ 0-1

[Event "35th Asia-ch U20"]
[Site "Sharjah UAE"]
[Date "2013.04.06"]
[Round "7.18"]
[White "Shristi, J. Shetty"]
[Black "Khursanova, Farida"]
[Result "0-1"]
[WhiteElo "1913"]
[BlackElo "1913"]

1.e4 c5 2.Nf3 d6 3.d3 Nc6 4.g3 g6 5.Bg2 Bg7 6.O-O Nf6 7.Re1 O-O 8.c3 e6 9.
d4 cxd4 10.cxd4 Qb6 11.Nc3 Bd7 12.Rb1 Rac8 13.Bf4 Na5 14.Qe2 Nh5 15.Be3 
Nc4 16.Bc1 Bxd4 17.Nxd4 Qxd4 18.Rd1 Qb6 19.g4 Ng7 20.Bf4 Rfd8 21.Bg5 Re8 
22.Bf6 Rc7 23.h4 Rec8 24.h5 Ne8 25.Bd4 Qa5 26.hxg6 fxg6 27.f4 Nb6 28.Qf2 
Na4 29.Bf1 Nxc3 30.Bxc3 Qb6 31.Qxb6 axb6 32.Bb4 Bc6 33.Bxd6 Nxd6 34.Rxd6 
Bxe4 35.Ra1 Bd5 36.Rxb6 Rf8 37.Rb4 g5 38.fxg5 Rc2 39.Rd1 Rff2 40.Rxd5 exd5
41.Rxb7 Rxb2 42.Rd7 Rfd2 43.a4 Rb1 44.Rd6 Ra1 45.Ra6 Rd4 46.Kg2 Rxg4+ 47.
Kf3 Rgxa4 48.Rxa4 Rxa4 49.Bb5 Ra5 50.Bc6 Kf7 51.Kf4 Ke6 52.Bb7 Ra4+ 53.Kg3
Ke5 54.Bc6 Rc4 55.Bb5 Rc5 56.Be2 d4 57.Kf3 Rc3+ 58.Kg4 d3 59.Bd1 Rc1 60.
Bf3 d2 0-1

[Event "35th Asia-ch U20"]
[Site "Sharjah UAE"]
[Date "2013.04.06"]
[Round "7.19"]
[White "Yagi, Rita"]
[Black "Nandhidhaa, Pv"]
[Result "0-1"]
[WhiteElo "1767"]
[BlackElo "2150"]

1.e4 c5 2.Nf3 e6 3.d4 cxd4 4.Nxd4 a6 5.Bd3 Bc5 6.Nb3 Be7 7.Nc3 d6 8.Qe2 
Nd7 9.Bd2 Qc7 10.O-O Ngf6 11.Kh1 b5 12.f4 Bb7 13.Nd4 O-O 14.b4 Nb6 15.a4 
bxa4 16.Nxa4 Rfc8 17.Nxb6 Qxb6 18.c3 a5 19.bxa5 Rxa5 20.Rxa5 Qxa5 21.Rb1 
Ba8 22.Nf3 Qa2 23.Qe1 d5 24.Ra1 Qb2 25.Rb1 Qa2 26.Ra1 Qb3 27.Nd4 Qb6 28.e5
Ne4 29.Bxe4 dxe4 30.Be3 Qd8 31.Rd1 Bd5 32.f5 Qc7 33.Qg3 Kh8 34.Rc1 Bf8 35.
fxe6 fxe6 36.c4 Qf7 37.Qf4 Qxf4 38.Bxf4 Rxc4 39.Rxc4 Bxc4 40.Kg1 Bc5 41.
Be3 Kg8 42.Kf2 Kf7 43.Nc2 Be7 44.Kg3 Kg6 45.Nd4 Bd5 46.Kh3 Bg5 47.Nc2 Bb3 
48.Bxg5 Kxg5 49.Nd4 Bc4 50.Kg3 e3 51.Kf3 e2 52.Kf2 Kf4 53.Nf3 Bd5 54.Kxe2 
Bxf3+ 55.gxf3 Kxe5 56.Ke3 Kf5 57.Ke2 Kf4 58.Kf2 g5 59.Kg2 h5 60.h3 e5 61.
Kf2 h4 62.Ke2 Kg3 0-1

[Event "35th Asia-ch U20"]
[Site "Sharjah UAE"]
[Date "2013.04.06"]
[Round "8.13"]
[White "Vo, Thi Kim Phung"]
[Black "Ivana Maria, Furtado"]
[Result "1-0"]
[WhiteElo "2193"]
[BlackElo "2065"]

1.d4 e6 2.Nf3 Nf6 3.Bg5 c5 4.e3 b6 5.Bd3 Bb7 6.Nbd2 Be7 7.O-O O-O 8.c3 
cxd4 9.cxd4 h6 10.Bh4 d5 11.Rc1 Nc6 12.Bb1 Rc8 13.a3 Ne4 14.Bxe7 Nxe7 15.
Ne5 Rxc1 16.Qxc1 f6 17.Nd3 f5 18.f3 Nd6 19.Ne5 f4 20.Qc2 Nef5 21.exf4 Qc8 
22.Qa4 a5 23.Re1 Ba6 24.Bd3 Bxd3 25.Nxd3 Qa6 26.Ne5 b5 27.Qc2 Rc8 28.Qd3 
Qa7 29.Ng6 Nxd4 30.Kh1 Re8 31.Ne5 N4f5 32.g4 Qd4 33.gxf5 Nxf5 34.Qxd4 Nxd4
35.Rc1 Rf8 36.Nd3 b4 37.axb4 axb4 38.Nxb4 Nxf3 39.Nxf3 Rxf4 40.Nxd5 exd5 
41.Kg2 g5 42.Rd1 Rb4 43.Rd2 Kf7 44.Ne5+ Ke6 45.Nd3 Rg4+ 46.Kf3 Rc4 47.b4 
h5 48.Rb2 g4+ 49.Ke3 Kd6 50.Rf2 Re4+ 51.Kd2 Kc6 52.Rf8 h4 53.Rc8+ Kd7 54.
Rh8 Kc6 55.Rxh4 Kb5 56.Rh8 Kc4 57.Rc8+ Kd4 58.Rg8 Kc4 59.Rxg4 Rxg4 60.Ne5+
Kxb4 61.Nxg4 Kc5 62.h4 Kd6 63.h5 Ke6 64.h6 Kf7 65.Kd3 Kg6 66.Kd4 Kh7 67.
Kxd5 Kg6 68.Ke5 Kh7 69.Kf5 Kg8 70.Kg6 Kh8 71.Ne5 1-0

[Event "35th Asia-ch U20"]
[Site "Sharjah UAE"]
[Date "2013.04.06"]
[Round "8.14"]
[White "Assaubayeva, Diana"]
[Black "Saranya, J"]
[Result "1-0"]
[WhiteElo "1966"]
[BlackElo "2152"]

1.c4 Nf6 2.Nc3 g6 3.g3 Bg7 4.Bg2 d6 5.d3 O-O 6.e4 e5 7.Nge2 c6 8.O-O Be6 
9.h3 d5 10.exd5 cxd5 11.d4 e4 12.cxd5 Bxd5 13.Nxd5 Qxd5 14.Nc3 Qc6 15.Re1 
Re8 16.d5 Qd7 17.Nxe4 Nxe4 18.Rxe4 Rxe4 19.Bxe4 Qxh3 20.Qb3 Nd7 21.Bg2 Qg4
22.Be3 h5 23.Rc1 Ne5 24.Qxb7 Rd8 25.Qc7 Bf6 26.Qc2 h4 27.Qe4 hxg3 28.Qxg4 
Nxg4 29.Bxa7 Ra8 30.Rc7 gxf2+ 31.Kf1 Bh4 32.d6 Nh2+ 33.Ke2 Re8+ 34.Kd3 
f1=Q+ 35.Bxf1 Nxf1 36.d7 Rd8 37.Bb6 Kg7 38.a4 Ng3 39.a5 Nh5 40.a6 Nf4+ 41.
Ke4 Ne6 42.Rb7 Ra8 43.a7 Bg3 44.b4 f5+ 45.Kf3 Kf6 46.Kxg3 f4+ 47.Kg2 1-0

[Event "35th Asia-ch U20"]
[Site "Sharjah UAE"]
[Date "2013.04.06"]
[Round "8.15"]
[White "Hoang, Thi Nhu Y"]
[Black "Nguyen, Thi Mai Hung"]
[Result "1/2-1/2"]
[WhiteElo "2250"]
[BlackElo "2271"]

1.d4 d5 2.Nf3 c6 3.Bf4 Bf5 4.e3 Qb6 5.b3 e6 6.Bd3 Bxd3 7.Qxd3 Nf6 8.O-O 
Be7 9.c4 Ne4 10.Nfd2 Nxd2 11.Nxd2 O-O 12.c5 Qd8 13.b4 a6 14.a4 Nd7 15.b5 
axb5 16.axb5 e5 17.Bg3 e4 18.Qb3 f5 19.bxc6 bxc6 20.Qb7 Qc8 21.Ra7 Qxb7 
22.Rxb7 Rfd8 23.Rc7 Rac8 24.Ra1 Bf6 25.Raa7 Nf8 26.Nb3 Ne6 27.Rxc8 Rxc8 
28.Bd6 Bd8 29.h3 h6 30.Be5 Bc7 31.Bxc7 Nxc7 32.Na5 Ne6 33.Re7 Nd8 34.Ra7 
Kf8 35.h4 h5 36.Nb7 Nf7 37.Kh2 Rc7 38.Ra8+ Ke7 39.Rb8 Rd7 40.Kg3 g6 41.Na5
Rc7 42.Rg8 Kf6 43.Kf4 Nh6 44.Rd8 Nf7 45.Rb8 Ke7 46.Rb7 Rxb7 47.Nxb7 Kf6 
48.f3 g5+ 49.hxg5+ Nxg5 50.Kg3 h4+ 51.Kf2 exf3 52.gxf3 f4 53.Nd8 fxe3+ 54.
Kxe3 h3 55.Kf2 h2 56.Kg2 Nxf3 57.Nxc6 Ke6 58.Nb4 Nxd4 59.Kxh2 Nb3 60.Nxd5 
Kxd5 1/2-1/2

[Event "35th Asia-ch U20"]
[Site "Sharjah UAE"]
[Date "2013.04.06"]
[Round "8.16"]
[White "Nandhidhaa, Pv"]
[Black "Madhurima, Shekhar"]
[Result "1/2-1/2"]
[WhiteElo "2150"]
[BlackElo "1991"]

1.e4 e6 2.d4 d5 3.e5 c5 4.c3 Nc6 5.Nf3 Bd7 6.Be2 Nge7 7.O-O Nf5 8.Bd3 cxd4
9.Bxf5 exf5 10.cxd4 Be6 11.Nc3 Be7 12.Qe2 Qb6 13.Rd1 h6 14.Be3 g5 15.Na4 
Qa5 16.Nc5 Bxc5 17.dxc5 f4 18.Bd4 Rc8 19.Qd3 Nxd4 20.Nxd4 Qxc5 21.h3 Qc4 
22.Qf3 Qb4 23.a3 Qe7 24.Nb5 Rc5 25.Nd6+ Kf8 26.Rac1 Rxc1 27.Rxc1 Rg8 28.
Qc3 g4 29.hxg4 Rxg4 30.f3 Rg3 31.Qc8+ Kg7 32.Ne8+ Kg6 33.Qb8 Qg5 34.Rc2 
Bh3 35.Qd6+ Kh5 36.Nf6+ Kh4 37.Ng4 Bxg4 38.fxg4 Rxg4 39.Qxd5 f6 40.Qxb7 
fxe5 41.Qe4 Rg3 42.Re2 Kh5 43.Qxe5 Rxg2+ 44.Kf1 Rg1+ 45.Kf2 Rg2+ 46.Kf1 
Rg1+ 47.Kf2 Qxe5 48.Rxe5+ Rg5 49.Re7 a5 50.Kf3 Rf5 51.b4 axb4 52.axb4 Kg6 
53.Re4 Kg5 54.Rc4 h5 55.Rc5 h4 56.Rxf5+ Kxf5 57.b5 Ke6 1/2-1/2

[Event "35th Asia-ch U20"]
[Site "Sharjah UAE"]
[Date "2013.04.06"]
[Round "8.17"]
[White "Khursanova, Farida"]
[Black "Pujari, Rucha"]
[Result "0-1"]
[WhiteElo "1913"]
[BlackElo "2121"]

1.d4 d5 2.c4 e6 3.Nc3 Nf6 4.Bg5 Be7 5.Nf3 O-O 6.e3 h6 7.Bf4 Nbd7 8.cxd5 
Nxd5 9.Nxd5 exd5 10.Bd3 g5 11.Bg3 f5 12.Nd2 Nf6 13.Qc2 Ne8 14.Be5 Be6 15.
O-O Nd6 16.Rac1 c6 17.Nb3 Nc4 18.Bg3 0-1

[Event "35th Asia-ch U20"]
[Site "Sharjah UAE"]
[Date "2013.04.06"]
[Round "8.18"]
[White "Savant, Riya"]
[Black "Hakimifard, Ghazal"]
[Result "0-1"]
[WhiteElo "1913"]
[BlackElo "2250"]

1.d4 Nf6 2.Nf3 e6 3.g3 b5 4.Bg2 d5 5.O-O Nbd7 6.Nbd2 Bb7 7.e4 dxe4 8.Ng5 
Be7 9.Ngxe4 Bd5 10.Qe2 Rb8 11.Rd1 O-O 12.a4 b4 13.Nc4 Nxe4 14.Bxe4 Nf6 15.
Bxd5 Nxd5 16.Ne5 Qd6 17.Nd3 a5 18.Bd2 Qa6 19.Nf4 Qc6 20.Qe4 Bd6 21.Ng2 Qa6
22.Ne3 Nf6 23.Qg2 c5 24.d5 Be5 25.Rab1 Rfd8 26.Be1 Bd4 27.dxe6 Qxe6 28.Qf3
Ne4 29.h4 g6 30.b3 Re8 31.Nc4 Qh3 32.Qg2 Qxg3 33.Qxg3 Nxg3 34.Nxa5 Rb6 35.
Nc4 Rf6 36.Kh2 Ne4 37.f3 Rxf3 38.Kg2 Rf4 39.a5 Nf6 40.Rd2 Rg4+ 41.Kh2 Bc3 
42.Rd6 Re2+ 43.Kh3 Bxe1 44.Rxe1 Rxe1 45.Rxf6 h5 46.Rf2 Rh1+ 47.Rh2 Rxh4+ 
48.Kxh4 Rxh2+ 49.Kg3 Rxc2 50.Kf4 Ra2 51.Kg5 Kg7 52.Kf4 Kf6 53.Kg3 Kg5 54.
Kh3 Ra1 55.Kg3 f5 56.Kf3 h4 57.Kg2 Kg4 58.Ne5+ Kf4 59.Nxg6+ Kg5 60.Ne5 
Rxa5 61.Kh3 Ra3 62.Nf3+ Kh5 63.Nd2 f4 64.Kh2 Ra2 0-1

[Event "35th Asia-ch U20"]
[Site "Sharjah UAE"]
[Date "2013.04.06"]
[Round "8.19"]
[White "Kurbonboeva, Sarvinoz"]
[Black "Shristi, J. Shetty"]
[Result "1-0"]
[WhiteElo "2098"]
[BlackElo "1913"]

1.d4 Nf6 2.c4 c5 3.d5 e6 4.Nc3 exd5 5.cxd5 d6 6.Nf3 g6 7.Nd2 Nbd7 8.e4 Bg7
9.Nc4 Nb6 10.Ne3 O-O 11.Bd3 Re8 12.O-O a6 13.a4 Qc7 14.a5 Nbd7 15.Re1 b5 
16.axb6 Nxb6 17.Qe2 Bb7 18.Bd2 c4 19.Nxc4 Nfxd5 20.Nxd5 Nxd5 21.Rac1 Qd8 
22.Qd1 Nf6 23.Ba5 Qe7 24.Bb4 Nh5 25.Nxd6 Red8 26.Qb3 Be5 27.Nxf7 Rxd3 28.
Nxe5+ Rxb3 29.Bxe7 Rxb2 30.Nd3 Rb5 31.Bd6 Bxe4 32.Rxe4 Rd5 33.Bc5 Rxd3 34.
g3 Rc8 35.Rec4 Rd5 36.Be3 Rxc4 37.Rxc4 Rd6 38.Rc8+ Kg7 39.Rc7+ Kg8 40.Bh6 
Nf6 41.Rg7+ Kh8 42.Ra7 Re6 43.Kg2 Kg8 44.Rg7+ Kh8 45.Ra7 Kg8 46.h3 Ne8 47.
g4 Rc6 48.Re7 Rc8 49.Ra7 Nc7 50.Kg3 Kh8 51.Bf4 Ne6 52.Be5+ Kg8 53.Rxa6 Ng5
54.Ra7 Nf7 55.Bf6 Rb8 56.f3 h6 57.h4 Rc8 58.g5 hxg5 59.hxg5 Rb8 60.Kf2 Re8
61.Rc7 Ra8 62.Rb7 Re8 63.Ra7 Rb8 64.f4 Rc8 65.Ke3 Re8+ 66.Kd3 Rb8 67.Kc3 
Re8 68.Kd3 Rb8 69.Rc7 Ra8 70.Rb7 Ra3+ 71.Kd4 Ra4+ 72.Kd5 Ra5+ 73.Ke6 Ra6+ 
74.Ke7 Ra8 75.Kd7 Rf8 76.Ra7 Rb8 77.Kc7 Re8 78.Kc6 Rc8+ 79.Kd7 Rb8 80.Rc7 
Ra8 81.Rb7 Rf8 82.Ra7 Rb8 83.Kc6 Rc8+ 84.Kd5 Rb8 85.Ke6 Rb6+ 86.Kd5 Rb8 
87.Kd4 Rb4+ 88.Ke3 Rb3+ 89.Kf2 Rb8 90.Kf3 Rc8 91.Kg4 Rb8 92.f5 Rb4+ 93.Kf3
Nxg5+ 94.Bxg5 gxf5 95.Ra5 Kg7 96.Rxf5 Kg6 97.Ra5 Rb3+ 98.Kg4 Rb4+ 99.Bf4 
Rb6 100.Rg5+ Kf6 101.Be5+ Ke7 102.Kf5 Kd7 103.Rg1 Ra6 104.Rc1 Rc6 105.Rd1+
Kc8 106.Rb1 Ra6 107.Rc1+ Kb7 108.Rc7+ Kb6 109.Ke6 Ra5 1-0

[Event "35th Asia-ch U20"]
[Site "Sharjah UAE"]
[Date "2013.04.06"]
[Round "9.13"]
[White "Assaubayeva, Diana"]
[Black "Vo, Thi Kim Phung"]
[Result "1/2-1/2"]
[WhiteElo "1966"]
[BlackElo "2193"]

1.c4 e6 2.g3 d5 3.Bg2 Nf6 4.Nf3 Bd6 5.O-O O-O 6.b3 c6 7.Bb2 Nbd7 8.d4 Qe7 
9.Nbd2 Ne4 10.Ne5 f5 11.e3 Ndf6 12.f3 Nxd2 13.Qxd2 Bd7 14.Rae1 dxc4 15.
Nxc4 Bb4 16.Bc3 Bxc3 17.Qxc3 c5 18.e4 cxd4 19.Qxd4 Qb4 20.e5 Nd5 21.f4 Bc6
22.Qf2 a5 23.Rb1 Qe7 24.Nd6 g5 25.h3 Kh8 26.Kh2 Rg8 27.Rg1 Rg6 28.Rbd1 Nb4
29.Bxc6 bxc6 30.Qd2 Rag8 31.Nc4 Nd5 32.Nxa5 gxf4 33.gxf4 Qh4 34.Rxg6 Rxg6 
35.Rb1 Rg8 1/2-1/2

[Event "35th Asia-ch U20"]
[Site "Sharjah UAE"]
[Date "2013.04.06"]
[Round "9.14"]
[White "Nguyen, Thi Mai Hung"]
[Black "Pujari, Rucha"]
[Result "1-0"]
[WhiteElo "2271"]
[BlackElo "2121"]

1.d4 d5 2.Nf3 Nf6 3.e3 g6 4.Bd3 Bg7 5.Nbd2 O-O 6.O-O b6 7.b3 Bb7 8.Bb2 c5 
9.Ne5 Ne4 10.c4 e6 11.f3 Nd6 12.Qe2 f6 13.Ng4 Nd7 14.Rad1 Qe7 15.Rfe1 Rae8
16.Nb1 Nf7 17.Nf2 f5 18.cxd5 exd5 19.dxc5 bxc5 20.Bxg7 Kxg7 21.Nh3 Nd6 22.
Qd2 Ne5 23.Bf1 g5 24.Nc3 g4 25.fxg4 fxg4 26.Nf4 Qg5 27.Ncxd5 Ne4 28.Qb2 
Kh6 29.Bb5 Re7 30.Nxe7 Nf3+ 31.Kh1 Qh4 32.gxf3 Nf2+ 33.Kg1 Nxd1 34.Rxd1 
Qxe7 35.Qf2 gxf3 36.Rd7 Qg5+ 37.Qg3 Qf6 38.Qh3+ Kg5 39.Qh5# 1-0

[Event "35th Asia-ch U20"]
[Site "Sharjah UAE"]
[Date "2013.04.06"]
[Round "9.15"]
[White "Saranya, J"]
[Black "Hoang, Thi Nhu Y"]
[Result "1-0"]
[WhiteElo "2152"]
[BlackElo "2250"]

1.e4 c6 2.d4 d5 3.Nc3 e6 4.f4 Bb4 5.e5 c5 6.Nf3 Ne7 7.a3 Bxc3+ 8.bxc3 b6 
9.Be2 Ba6 10.O-O Qc8 11.Be3 cxd4 12.cxd4 Nbc6 13.Nh4 Ng6 14.Nf3 Nge7 15.
Nh4 g6 16.Rc1 Bxe2 17.Qxe2 Na5 18.g4 Qc3 19.Rcd1 Rc8 20.Rf2 Nc4 21.Rd3 
Qa1+ 22.Rf1 Qa2 23.Bc1 Na5 24.Rf2 Qa1 25.Rd1 Qc3 26.Rd3 Qa1 27.Rd1 Qc3 28.
f5 Qh3 29.fxe6 fxe6 30.Bg5 Nac6 31.Rd3 1-0

[Event "35th Asia-ch U20"]
[Site "Sharjah UAE"]
[Date "2013.04.06"]
[Round "9.16"]
[White "Ivana Maria, Furtado"]
[Black "Derakhshani, Dorsa"]
[Result "1/2-1/2"]
[WhiteElo "2065"]
[BlackElo "2007"]

1.d4 Nf6 2.Nf3 e6 3.g3 d5 4.Bg2 Be7 5.O-O O-O 6.b3 c5 7.dxc5 Bxc5 8.Bb2 
Nc6 9.Nbd2 Re8 10.c4 d4 11.Ne1 e5 12.Nd3 Bf8 13.f3 a5 14.a3 Bd7 15.Qe1 Qe7
16.e4 dxe3 17.Qxe3 Bf5 18.g4 Bxd3 19.Qxd3 Qc5+ 20.Kh1 Rad8 21.Qc3 Nd4 22.
Rae1 h6 23.h3 Qb6 24.Re3 Bc5 25.Rfe1 Nc2 26.Qxc2 Bxe3 27.Nf1 Bf4 28.Bc3 
Qc5 29.Bb2 Qb6 30.Bc3 Qc5 1/2-1/2

[Event "35th Asia-ch U20"]
[Site "Sharjah UAE"]
[Date "2013.04.06"]
[Round "9.17"]
[White "Hakimifard, Ghazal"]
[Black "Nandhidhaa, Pv"]
[Result "1/2-1/2"]
[WhiteElo "2250"]
[BlackElo "2150"]

1.e4 c5 2.Nf3 e6 3.d4 cxd4 4.Nxd4 a6 5.Bd3 Bc5 6.Nb3 Be7 7.Be3 d6 8.N1d2 
Nd7 9.f4 Ngf6 10.Qf3 Qc7 11.O-O-O b5 12.g4 Nb6 13.g5 Nfd7 14.Kb1 Nc4 15.
Bf2 Bb7 16.Qh3 e5 17.fxe5 Ndxe5 18.Rhg1 Rc8 19.Nd4 O-O 20.Nf5 Rfe8 21.Bd4 
Bf8 22.Qf1 a5 23.h4 a4 24.h5 a3 25.Nh6+ Kh8 26.Bxc4 bxc4 27.Bxe5 dxe5 28.
Nxf7+ Kg8 29.Nh6+ Kh8 30.Nf7+ Kg8 31.Nh6+ 1/2-1/2

[Event "35th Asia-ch U20"]
[Site "Sharjah UAE"]
[Date "2013.04.06"]
[Round "9.18"]
[White "Madhurima, Shekhar"]
[Black "Kurbonboeva, Sarvinoz"]
[Result "0-1"]
[WhiteElo "1991"]
[BlackElo "2098"]

1.e4 e5 2.Nf3 Nc6 3.d4 exd4 4.Nxd4 Nf6 5.Nxc6 bxc6 6.e5 Qe7 7.Qe2 Nd5 8.c4
Nb6 9.b3 g6 10.Bb2 Bg7 11.Nd2 Bb7 12.O-O-O O-O-O 13.f4 Rhe8 14.Qf2 d6 15.
c5 dxc5 16.Be2 f6 17.Rhe1 fxe5 18.Bxe5 Nd5 19.Nc4 Kb8 20.Bf1 Nb4 21.g3 Ka8
22.Bxg7 Qxg7 23.Ne5 Qf8 24.Qb2 Rxd1+ 25.Rxd1 Rd8 26.a3 Rxd1+ 27.Kxd1 Nd5 
28.Qd2 g5 29.Nd3 Qf6 30.Bg2 Qa1+ 31.Qc1 Qd4 32.Ke2 Ba6 33.Qc2 Qe3+ 34.Kd1 
Bxd3 0-1

[Event "35th Asia-ch U20"]
[Site "Sharjah UAE"]
[Date "2013.04.06"]
[Round "9.19"]
[White "Bashaer, Khalil"]
[Black "Savant, Riya"]
[Result "0-1"]
[WhiteElo "1545"]
[BlackElo "1913"]

1.e4 c5 2.c3 g6 3.Nf3 Bg7 4.Na3 Nf6 5.e5 Nd5 6.Bc4 Nc7 7.O-O O-O 8.Re1 Nc6
9.h3 a6 10.Nc2 d5 11.exd6 Qxd6 12.Be2 e5 13.d3 Rd8 14.Bg5 f6 15.Bh4 Bf5 
16.d4 cxd4 17.cxd4 exd4 18.Bg3 Qc5 19.Bd3 Ne6 20.Bxf5 Qxf5 21.Na3 Kh8 22.
Qb3 Nc5 23.Qb6 Rd7 24.Rac1 Nd3 25.Rxc6 Nxe1 26.Nxe1 bxc6 27.Qxc6 Qd5 0-1

[Event "35th Asia-ch U20"]
[Site "Sharjah UAE"]
[Date "2013.04.06"]
[Round "9.20"]
[White "Khursanova, Farida"]
[Black "Safar, Reem"]
[Result "1-0"]
[WhiteElo "1913"]
[BlackElo "1716"]

1.d4 f5 2.c4 Nf6 3.Nc3 g6 4.g3 Bg7 5.Bg2 O-O 6.Nh3 d6 7.O-O Nc6 8.e3 e5 9.
d5 Ne7 10.Rb1 h6 11.Re1 g5 12.f4 g4 13.fxe5 dxe5 14.Nf2 h5 15.e4 fxe4 16.
Nfxe4 Nxe4 17.Nxe4 Bf5 18.Bg5 Bxe4 19.Bxe4 Qd6 20.Qd3 Bf6 21.Be3 Rad8 22.
Red1 b6 23.b4 Bg7 24.c5 Qf6 25.Rf1 Nf5 26.Rxf5 1-0